BUSINESS LAWS : (Record no. 7468)

MARC details
000 -LEADER
fixed length control field 00404nam a22001577a 4500
005 - DATE AND TIME OF LATEST TRANSACTION
control field 20251112162541.0
008 - FIXED-LENGTH DATA ELEMENTS--GENERAL INFORMATION
fixed length control field 210219b ||||| |||| 00| 0 eng d
020 ## - INTERNATIONAL STANDARD BOOK NUMBER
ISBN 978-93-5406-257-5
041 ## - LANGUAGE CODE
Language code of text/sound track or separate title eng
100 ## - MAIN ENTRY--AUTHOR NAME
Personal name AGRAWAL, ASHISH
245 ## - TITLE STATEMENT
Title BUSINESS LAWS :
Remainder of title a diagrammatic and tabular presentation
260 ## - PUBLICATION, DISTRIBUTION, ETC. (IMPRINT)
Place of publication LUCKNOW
Name of publisher ADITI LAW HOUSE
300 ## - PHYSICAL DESCRIPTION
Number of Pages 664,p
650 ## - SUBJECT ADDED ENTRY--TOPICAL TERM
Topical Term LAW
942 ## - ADDED ENTRY ELEMENTS (KOHA)
Koha item type Books
Holdings
Lost status Damaged status Collection code Home library Current library Shelving location Date acquired Source of acquisition Cost, normal purchase price Full call number Accession Number Koha item type
    Reference JRU Library JRU Library SHELF-1-C 19/02/2021 PURCHASE 795.00 346.5407 25589 Books